000 00311nam a22001337a 4500
003 SGT
082 _a610.734
_bP16B
100 _aBASVANTHAPPA, B.T.
245 _aPRACTICE WORKBOOK OF COMMUNITY HEALTH NURSING
260 _aINDIA
_bJAYPEE
_c2016
300 _a226
650 _aPSYCHIATRIC
942 _2ddc
_cBK
999 _c10921
_d10921